[Event "ODJM A 2025"]
[Site "Willingen GER"]
[Date "2025.06.08"]
[Round "1"]
[White "Friedhoff, Mirco"]
[Black "Ronsin, Corentin"]
[Result "1/2-1/2"]
[Termination "normal"]
[Board "19"]
[WhiteElo "1838"]
[BlackElo "2064"]
[WhiteClock "00:09:30"]
[BlackClock "00:01:06"]
[PlyCount "150"]
[WhiteFideId "16243447"]
[BlackFideId "34641742"]
[EventCountry "GER"]
[EventRounds "9"]
[EventType "swiss"]
[EventDate "2025.06.07"]

1. e4 {[%clk 01:30:57]} {[%emt 00:00:01]} c5 {[%clk 01:30:54]} {[%emt
00:00:06]} 2. Nc3 {[%clk 01:31:24]} {[%emt 00:00:04]} e6 {[%clk 01:31:19]}
{[%emt 00:00:05]} 3. f4 {[%clk 01:31:50]} {[%emt 00:00:04]} d5 {[%clk
01:31:44]} {[%emt 00:00:05]} 4. Bb5+ {[%clk 01:32:14]} {[%emt 00:00:06]} Bd7
{[%clk 01:32:08]} {[%emt 00:00:06]} 5. Bxd7+ {[%clk 01:32:39]} {[%emt
00:00:04]} Qxd7 {[%clk 01:32:32]} {[%emt 00:00:07]} 6. Nf3 {[%clk 01:32:52]}
{[%emt 00:00:17]} Nc6 {[%clk 01:32:55]} {[%emt 00:00:07]} 7. d3 {[%clk
01:32:53]} {[%emt 00:00:30]} Nge7 {[%clk 01:32:57]} {[%emt 00:00:28]} 8. O-O
{[%clk 01:31:25]} {[%emt 00:01:58]} f6 {[%clk 01:32:59]} {[%emt 00:00:27]} 9.
e5 {[%clk 01:19:49]} {[%emt 00:12:08]} O-O-O {[%clk 01:23:50]} {[%emt
00:09:37]} 10. Re1 {[%clk 01:01:48]} {[%emt 00:18:32]} Re8 {[%clk 01:16:31]}
{[%emt 00:07:49]} 11. Ne2 {[%clk 00:49:31]} {[%emt 00:12:48]} Nf5 {[%clk
00:56:36]} {[%emt 00:20:24]} 12. d4 {[%clk 00:38:59]} {[%emt 00:11:02]} h5
{[%clk 00:55:58]} {[%emt 00:01:08]} 13. c3 {[%clk 00:36:10]} {[%emt 00:03:19]}
Kb8 {[%clk 00:54:32]} {[%emt 00:01:55]} 14. a3 {[%clk 00:33:42]} {[%emt
00:02:59]} c4 {[%clk 00:50:26]} {[%emt 00:04:35]} 15. b4 {[%clk 00:30:10]}
{[%emt 00:04:03]} cxb3 {[%clk 00:49:46]} {[%emt 00:01:09]} 16. Qxb3 {[%clk
00:29:46]} {[%emt 00:00:55]} Na5 {[%clk 00:49:33]} {[%emt 00:00:44]} 17. Qc2
{[%clk 00:29:47]} {[%emt 00:00:29]} Rc8 {[%clk 00:47:48]} {[%emt 00:02:13]} 18.
Ng3 {[%clk 00:28:41]} {[%emt 00:01:37]} Ne7 {[%clk 00:37:16]} {[%emt 00:11:02]}
19. f5 {[%clk 00:20:13]} {[%emt 00:08:57]} h4 {[%clk 00:29:47]} {[%emt
00:08:00]} 20. exf6 {[%clk 00:18:32]} {[%emt 00:02:11]} gxf6 {[%clk 00:23:07]}
{[%emt 00:07:09]} 21. fxe6 {[%clk 00:18:43]} {[%emt 00:00:20]} Qc7 {[%clk
00:22:55]} {[%emt 00:00:42]} 22. Nf5 {[%clk 00:18:43]} {[%emt 00:00:30]} h3
{[%clk 00:22:28]} {[%emt 00:00:56]} 23. gxh3 {[%clk 00:10:28]} {[%emt
00:08:47]} Qxc3 {[%clk 00:13:50]} {[%emt 00:09:07]} 24. Bf4+ {[%clk 00:05:17]}
{[%emt 00:05:40]} Ka8 {[%clk 00:14:15]} {[%emt 00:00:05]} 25. Qxc3 {[%clk
00:05:05]} {[%emt 00:00:43]} Rxc3 {[%clk 00:14:40]} {[%emt 00:00:05]} 26. Nxe7
{[%clk 00:05:27]} {[%emt 00:00:09]} Bxe7 {[%clk 00:14:00]} {[%emt 00:01:09]}
27. Kg2 {[%clk 00:03:13]} {[%emt 00:02:43]} Rc2+ {[%clk 00:14:10]} {[%emt
00:00:20]} 28. Kg3 {[%clk 00:00:33]} {[%emt 00:03:11]} Rg8+ {[%clk 00:12:19]}
{[%emt 00:02:20]} 29. Kh4 {[%clk 00:01:02]} {[%emt 00:00:02]} Rf2 {[%clk
00:12:35]} {[%emt 00:00:13]} 30. Rg1 {[%clk 00:00:33]} {[%emt 00:01:00]} f5+
{[%clk 00:06:50]} {[%emt 00:06:14]} 31. Bg5 {[%clk 00:00:55]} {[%emt 00:00:08]}
Bd6 {[%clk 00:06:59]} {[%emt 00:00:22]} 32. Ne5 {[%clk 00:00:37]} {[%emt
00:00:48]} Rxh2 {[%clk 00:06:42]} {[%emt 00:00:47]} 33. Nf7 {[%emt 00:00:35]}
Bb8 {[%clk 00:01:35]} {[%emt 00:05:35]} 34. Bf4 {[%clk 00:00:35]} {[%emt
00:00:29]} Re8 {[%clk 00:01:27]} {[%emt 00:00:38]} 35. Bxh2 {[%clk 00:00:37]}
{[%emt 00:00:27]} Bxh2 {[%clk 00:01:49]} {[%emt 00:00:09]} 36. Rg2 {[%clk
00:00:34]} {[%emt 00:00:33]} Bb8 {[%clk 00:02:03]} {[%emt 00:00:17]} 37. Re1
{[%clk 00:00:54]} {[%emt 00:00:09]} Nc6 {[%clk 00:02:08]} {[%emt 00:00:25]} 38.
Nh6 {[%clk 00:00:34]} {[%emt 00:00:50]} Nxd4 {[%clk 00:01:59]} {[%emt
00:00:38]} 39. e7 {[%clk 00:00:34]} {[%emt 00:00:31]} Nf3+ {[%clk 00:02:14]}
{[%emt 00:00:14]} 40. Kh5 {[%clk 00:00:38]} {[%emt 00:00:25]} Nxe1 {[%clk
00:02:38]} {[%emt 00:00:06]} 41. Re2 {[%clk 00:00:41]} {[%emt 00:00:27]} Nd3
{[%clk 00:25:16]} {[%emt 00:07:52]} 42. Kg5 {[%clk 00:30:48]} {[%emt 00:00:24]}
Nf4 {[%clk 00:17:07]} {[%emt 00:08:39]} 43. Re1 {[%clk 00:30:31]} {[%emt
00:00:46]} Nxh3+ {[%clk 00:16:08]} {[%emt 00:01:30]} 44. Kf6 {[%clk 00:30:46]}
{[%emt 00:00:14]} Bg3 {[%clk 00:14:38]} {[%emt 00:01:59]} 45. Kf7 {[%clk
00:30:15]} {[%emt 00:01:02]} Bxe1 {[%clk 00:14:12]} {[%emt 00:00:57]} 46. Kxe8
{[%clk 00:30:41]} {[%emt 00:00:05]} Bh4 {[%clk 00:14:29]} {[%emt 00:00:12]} 47.
Nxf5 {[%clk 00:31:07]} {[%emt 00:00:04]} Bxe7 {[%clk 00:11:32]} {[%emt
00:03:27]} 48. Kxe7 {[%clk 00:29:49]} {[%emt 00:01:47]} a6 {[%clk 00:09:16]}
{[%emt 00:02:47]} 49. Kd6 {[%clk 00:30:07]} {[%emt 00:00:11]} Ka7 {[%clk
00:09:45]} {[%emt 00:00:02]} 50. Kxd5 {[%clk 00:30:09]} {[%emt 00:00:29]} Kb6
{[%clk 00:10:11]} {[%emt 00:00:03]} 51. Kc4 {[%clk 00:26:36]} {[%emt 00:04:02]}
Ka5 {[%clk 00:10:19]} {[%emt 00:00:23]} 52. Nd6 {[%clk 00:25:41]} {[%emt
00:01:25]} b5+ {[%clk 00:10:27]} {[%emt 00:00:22]} 53. Kc5 {[%clk 00:22:41]}
{[%emt 00:03:28]} Nf4 {[%clk 00:09:02]} {[%emt 00:01:55]} 54. Nb7+ {[%clk
00:21:50]} {[%emt 00:01:22]} Ka4 {[%clk 00:09:27]} {[%emt 00:00:06]} 55. Kb6
{[%clk 00:22:13]} {[%emt 00:00:05]} Kxa3 {[%clk 00:09:43]} {[%emt 00:00:16]}
56. Kxa6 {[%clk 00:22:26]} {[%emt 00:00:16]} b4 {[%clk 00:10:09]} {[%emt
00:00:03]} 57. Nc5 {[%clk 00:22:26]} {[%emt 00:00:31]} Ne6 {[%clk 00:09:01]}
{[%emt 00:01:37]} 58. Ne4 {[%clk 00:21:05]} {[%emt 00:01:51]} Ka4 {[%clk
00:07:46]} {[%emt 00:01:46]} 59. Kb6 {[%clk 00:19:21]} {[%emt 00:02:13]} b3
{[%clk 00:07:46]} {[%emt 00:00:30]} 60. Kc6 {[%clk 00:19:35]} {[%emt 00:00:16]}
b2 {[%clk 00:06:39]} {[%emt 00:01:37]} 61. Kd5 {[%clk 00:18:29]} {[%emt
00:01:36]} Ng5 {[%clk 00:06:38]} {[%emt 00:00:32]} 62. Nd2 {[%clk 00:18:13]}
{[%emt 00:00:46]} Nf3 {[%clk 00:06:37]} {[%emt 00:00:31]} 63. Nb1 {[%clk
00:18:36]} {[%emt 00:00:06]} Kb3 {[%clk 00:06:47]} {[%emt 00:00:20]} 64. Ke4
{[%clk 00:18:36]} {[%emt 00:00:31]} Ne1 {[%clk 00:06:49]} {[%emt 00:00:28]} 65.
Ke3 {[%clk 00:11:12]} {[%emt 00:07:45]} Kc2 {[%clk 00:05:24]} {[%emt 00:02:03]}
66. Nd2 {[%clk 00:07:51]} {[%emt 00:03:51]} Ng2+ {[%clk 00:04:25]} {[%emt
00:01:29]} 67. Ke2 {[%clk 00:08:16]} {[%emt 00:00:06]} Nf4 {[%clk 00:04:51]}
{[%emt 00:00:03]} 68. Ke3 {[%clk 00:08:39]} {[%emt 00:00:08]} Nd5+ {[%clk
00:05:00]} {[%emt 00:00:21]} 69. Ke2 {[%clk 00:08:56]} {[%emt 00:00:13]} Nc3
{[%clk 00:04:40]} {[%emt 00:00:50]} 70. Ke3 {[%clk 00:09:19]} {[%emt 00:00:06]}
Kc1 {[%clk 00:02:40]} {[%emt 00:02:31]} 71. Nb3+ {[%clk 00:08:54]} {[%emt
00:00:56]} Kd1 {[%clk 00:02:57]} {[%emt 00:00:11]} 72. Nd2 {[%clk 00:09:11]}
{[%emt 00:00:15]} Kc1 {[%clk 00:01:07]} {[%emt 00:02:20]} 73. Nb3+ {[%clk
00:09:15]} {[%emt 00:00:26]} Kc2 {[%clk 00:00:34]} {[%emt 00:01:02]} 74. Nd2
{[%clk 00:09:15]} {[%emt 00:00:30]} Nd1+ {[%clk 00:01:00]} {[%emt 00:00:05]}
75. Ke2 {[%clk 00:09:30]} {[%emt 00:00:13]} Nc3 {[%clk 00:01:06]} {[%emt
00:00:26]} 1/2-1/2

[Event "ODJM A 2025"]
[Site "Willingen GER"]
[Date "2025.06.08"]
[Round "1"]
[White "Storm, Max"]
[Black "Beckmann, Jonathan"]
[Result "0-1"]
[Termination "normal"]
[Board "20"]
[WhiteElo "2061"]
[BlackElo "1904"]
[WhiteClock "00:00:36"]
[BlackClock "00:01:19"]
[PlyCount "68"]
[WhiteFideId "34625658"]
[BlackFideId "34672591"]
[EventCountry "GER"]
[EventRounds "9"]
[EventType "swiss"]
[EventDate "2025.06.07"]

1. e4 {[%clk 01:30:57]} {[%emt 00:00:02]} c5 {[%clk 01:30:56]} {[%emt
00:00:05]} 2. Nf3 {[%clk 01:31:20]} {[%emt 00:00:06]} d6 {[%clk 01:31:22]}
{[%emt 00:00:05]} 3. d4 {[%clk 01:31:45]} {[%emt 00:00:04]} cxd4 {[%clk
01:31:47]} {[%emt 00:00:06]} 4. Qxd4 {[%clk 01:32:10]} {[%emt 00:00:04]} Nc6
{[%clk 01:32:09]} {[%emt 00:00:09]} 5. Bb5 {[%clk 01:32:36]} {[%emt 00:00:03]}
Bd7 {[%clk 01:32:34]} {[%emt 00:00:06]} 6. Bxc6 {[%clk 01:33:01]} {[%emt
00:00:04]} Bxc6 {[%clk 01:33:00]} {[%emt 00:00:05]} 7. Nc3 {[%clk 01:33:25]}
{[%emt 00:00:05]} Nf6 {[%clk 01:33:25]} {[%emt 00:00:07]} 8. Bg5 {[%clk
01:33:50]} {[%emt 00:00:03]} e6 {[%clk 01:33:50]} {[%emt 00:00:05]} 9. O-O-O
{[%clk 01:34:15]} {[%emt 00:00:05]} Be7 {[%clk 01:34:17]} {[%emt 00:00:03]} 10.
Rhe1 {[%clk 01:34:39]} {[%emt 00:00:07]} O-O {[%clk 01:34:32]} {[%emt
00:00:16]} 11. e5 {[%clk 01:35:02]} {[%emt 00:00:07]} dxe5 {[%clk 01:34:58]}
{[%emt 00:00:05]} 12. Nxe5 {[%clk 01:35:22]} {[%emt 00:00:07]} Qc7 {[%clk
01:35:23]} {[%emt 00:00:05]} 13. Qc4 {[%clk 01:29:36]} {[%emt 00:06:15]} h6
{[%clk 01:30:54]} {[%emt 00:05:01]} 14. Nxc6 {[%clk 01:04:59]} {[%emt
00:25:06]} bxc6 {[%clk 01:29:31]} {[%emt 00:01:53]} 15. Bf4 {[%clk 00:57:52]}
{[%emt 00:07:37]} Qb6 {[%clk 01:20:04]} {[%emt 00:13:38]} 16. Be3 {[%clk
00:55:03]} {[%emt 00:00:27]} Qb7 {[%clk 01:06:43]} {[%emt 00:13:01]} 17. Bd4
{[%clk 00:52:45]} {[%emt 00:02:48]} Rab8 {[%clk 00:58:50]} {[%emt 00:08:24]}
18. Ne4 {[%clk 00:44:10]} {[%emt 00:09:05]} Nxe4 {[%clk 00:32:21]} {[%emt
00:26:59]} 19. Rxe4 {[%clk 00:44:33]} {[%emt 00:00:06]} Rfd8 {[%clk 00:32:43]}
{[%emt 00:00:09]} 20. Rde1 {[%clk 00:26:43]} {[%emt 00:18:18]} Rxd4 {[%clk
00:17:39]} {[%emt 00:15:35]} 21. Qxd4 {[%clk 00:26:08]} {[%emt 00:01:05]} Bf6
{[%clk 00:18:02]} {[%emt 00:00:09]} 22. Re5 {[%clk 00:23:57]} {[%emt 00:02:41]}
c5 {[%clk 00:17:01]} {[%emt 00:01:31]} 23. Qc3 {[%clk 00:24:20]} {[%emt
00:00:06]} Qxg2 {[%clk 00:14:13]} {[%emt 00:03:18]} 24. Qxc5 {[%clk 00:23:19]}
{[%emt 00:01:31]} Qxh2 {[%clk 00:10:56]} {[%emt 00:03:47]} 25. R5e4 {[%clk
00:14:25]} {[%emt 00:09:25]} Bxb2+ {[%clk 00:08:28]} {[%emt 00:02:58]} 26. Kd1
{[%clk 00:14:42]} {[%emt 00:00:11]} Rd8+ {[%clk 00:06:52]} {[%emt 00:02:08]}
27. Ke2 {[%clk 00:15:04]} {[%emt 00:00:08]} e5 {[%clk 00:05:28]} {[%emt
00:01:53]} 28. Qe3 {[%clk 00:03:20]} {[%emt 00:12:15]} Qh5+ {[%clk 00:02:23]}
{[%emt 00:03:35]} 29. Kf1 {[%clk 00:03:23]} {[%emt 00:00:26]} Qh1+ {[%clk
00:01:46]} {[%emt 00:01:08]} 30. Ke2 {[%clk 00:03:47]} {[%emt 00:00:05]} Qh5+
{[%clk 00:02:13]} {[%emt 00:00:03]} 31. Kf1 {[%clk 00:02:20]} {[%emt 00:01:57]}
Bd4 {[%clk 00:01:13]} {[%emt 00:01:31]} 32. Qg3 {[%clk 00:01:23]} {[%emt
00:01:26]} Rc8 {[%clk 00:01:01]} {[%emt 00:00:43]} 33. Rh4 {[%clk 00:00:38]}
{[%emt 00:01:14]} Qf5 {[%clk 00:01:01]} {[%emt 00:00:30]} 34. Qd3 {[%clk
00:00:36]} {[%emt 00:00:33]} Qxf2# {[%clk 00:01:19]} {[%emt 00:00:12]} 0-1

[Event "ODJM A 2025"]
[Site "Willingen GER"]
[Date "2025.06.08"]
[Round "1"]
[White "Arp, Piotr"]
[Black "Martin Fernandez, Rafael"]
[Result "0-1"]
[Termination "normal"]
[Board "21"]
[WhiteElo "1863"]
[BlackElo "1965"]
[WhiteClock "00:02:48"]
[BlackClock "00:22:53"]
[PlyCount "74"]
[WhiteFideId "34657398"]
[BlackFideId "34605550"]
[EventCountry "GER"]
[EventRounds "9"]
[EventType "swiss"]
[EventDate "2025.06.07"]

1. d4 {[%clk 01:30:55]} {[%emt 00:00:03]} d5 {[%clk 01:30:55]} {[%emt
00:00:05]} 2. c4 {[%clk 01:31:20]} {[%emt 00:00:06]} c6 {[%clk 01:31:18]}
{[%emt 00:00:06]} 3. Nc3 {[%clk 01:31:46]} {[%emt 00:00:04]} Nf6 {[%clk
01:31:40]} {[%emt 00:00:08]} 4. Nf3 {[%clk 01:32:08]} {[%emt 00:00:08]} dxc4
{[%clk 01:32:01]} {[%emt 00:00:09]} 5. a4 {[%clk 01:32:27]} {[%emt 00:00:12]}
Bf5 {[%clk 01:31:31]} {[%emt 00:01:00]} 6. e3 {[%clk 01:30:30]} {[%emt
00:02:26]} e6 {[%clk 01:30:55]} {[%emt 00:01:07]} 7. Bxc4 {[%clk 01:30:46]}
{[%emt 00:00:13]} Bb4 {[%clk 01:30:00]} {[%emt 00:01:25]} 8. O-O {[%clk
01:31:04]} {[%emt 00:00:11]} Nbd7 {[%clk 01:29:14]} {[%emt 00:01:18]} 9. Nh4
{[%clk 01:19:58]} {[%emt 00:11:35]} Bg4 {[%clk 01:25:08]} {[%emt 00:04:35]} 10.
f3 {[%clk 01:19:20]} {[%emt 00:01:09]} Bh5 {[%clk 01:23:20]} {[%emt 00:02:18]}
11. g4 {[%clk 01:19:04]} {[%emt 00:00:45]} Bg6 {[%clk 01:17:24]} {[%emt
00:06:26]} 12. Nxg6 {[%clk 01:18:23]} {[%emt 00:01:12]} hxg6 {[%clk 01:17:42]}
{[%emt 00:00:12]} 13. e4 {[%clk 01:12:53]} {[%emt 00:06:00]} Qc7 {[%clk
01:07:49]} {[%emt 00:18:42]} 14. Qe2 {[%clk 01:07:30]} {[%emt 00:00:14]} O-O-O
{[%clk 01:01:57]} {[%emt 00:03:42]} 15. Na2 {[%clk 01:02:26]} {[%emt 00:05:35]}
Be7 {[%clk 00:59:10]} {[%emt 00:03:16]} 16. Be3 {[%clk 00:48:58]} {[%emt
00:13:58]} Rh3 {[%clk 00:55:48]} {[%emt 00:03:52]} 17. e5 {[%clk 00:41:32]}
{[%emt 00:07:57]} Rdh8 {[%clk 00:54:02]} {[%emt 00:02:15]} 18. Bf4 {[%clk
00:40:31]} {[%emt 00:01:31]} Nd5 {[%clk 00:51:43]} {[%emt 00:02:49]} 19. Bxd5
{[%clk 00:38:18]} {[%emt 00:02:42]} exd5 {[%clk 00:52:06]} {[%emt 00:00:08]}
20. Bg3 {[%clk 00:34:42]} {[%emt 00:04:06]} Nf8 {[%clk 00:46:13]} {[%emt
00:06:23]} 21. e6 {[%clk 00:28:42]} {[%emt 00:06:31]} Bd6 {[%clk 00:42:18]}
{[%emt 00:04:24]} 22. Bxd6 {[%clk 00:28:47]} {[%emt 00:00:26]} Qxd6 {[%clk
00:42:42]} {[%emt 00:00:05]} 23. exf7 {[%clk 00:23:49]} {[%emt 00:05:28]} Rxh2
{[%clk 00:40:35]} {[%emt 00:02:38]} 24. Qe8+ {[%clk 00:24:05]} {[%emt
00:00:14]} Kc7 {[%clk 00:40:59]} {[%emt 00:00:05]} 25. Qe5 {[%clk 00:23:58]}
{[%emt 00:00:37]} Qxe5 {[%clk 00:35:41]} {[%emt 00:05:48]} 26. dxe5 {[%clk
00:24:23]} {[%emt 00:00:04]} Ne6 {[%clk 00:35:51]} {[%emt 00:00:20]} 27. f4
{[%clk 00:20:11]} {[%emt 00:04:42]} R2h4 {[%clk 00:31:23]} {[%emt 00:04:58]}
28. Kf2 {[%clk 00:16:47]} {[%emt 00:03:55]} Rxg4 {[%clk 00:31:00]} {[%emt
00:00:54]} 29. Ke3 {[%clk 00:17:02]} {[%emt 00:00:15]} Rh3+ {[%clk 00:30:11]}
{[%emt 00:01:18]} 30. Kd2 {[%clk 00:14:41]} {[%emt 00:02:52]} Rg2+ {[%clk
00:27:53]} {[%emt 00:02:48]} 31. Kd1 {[%clk 00:12:44]} {[%emt 00:02:26]} Rhh2
{[%clk 00:27:33]} {[%emt 00:00:51]} 32. Nc3 {[%clk 00:12:11]} {[%emt 00:01:02]}
Nxf4 {[%clk 00:24:13]} {[%emt 00:03:51]} 33. Nxd5+ {[%clk 00:09:01]} {[%emt
00:03:39]} Nxd5 {[%clk 00:24:06]} {[%emt 00:00:39]} 34. Ra3 {[%clk 00:06:20]}
{[%emt 00:03:12]} Rxb2 {[%clk 00:23:01]} {[%emt 00:01:34]} 35. Kc1 {[%clk
00:06:30]} {[%emt 00:00:21]} Rhc2+ {[%clk 00:22:39]} {[%emt 00:00:51]} 36. Kd1
{[%clk 00:06:48]} {[%emt 00:00:12]} Nb4 {[%clk 00:22:53]} {[%emt 00:00:16]} 37.
f8=B {[%clk 00:02:48]} {[%emt 00:04:29]} Rb1# {[%emt 00:00:05]} 0-1

[Event "ODJM A 2025"]
[Site "Willingen GER"]
[Date "2025.06.08"]
[Round "1"]
[White "Walter, Richard"]
[Black "Schulz, Dennis"]
[Result "1-0"]
[Termination "normal"]
[Board "22"]
[WhiteElo "2041"]
[BlackElo "1894"]
[WhiteClock "00:25:05"]
[BlackClock "00:21:08"]
[PlyCount "71"]
[WhiteFideId "34620028"]
[BlackFideId "16241231"]
[EventCountry "GER"]
[EventRounds "9"]
[EventType "swiss"]
[EventDate "2025.06.07"]

1. Nf3 {[%clk 01:30:58]} {[%emt 00:00:02]} d5 {[%clk 01:30:57]} {[%emt
00:00:03]} 2. g3 {[%clk 01:31:24]} {[%emt 00:00:06]} Nf6 {[%clk 01:31:21]}
{[%emt 00:00:04]} 3. Bg2 {[%clk 01:31:49]} {[%emt 00:00:04]} c5 {[%clk
01:31:48]} {[%emt 00:00:04]} 4. d4 {[%clk 01:32:15]} {[%emt 00:00:04]} cxd4
{[%clk 01:32:14]} {[%emt 00:00:05]} 5. O-O {[%clk 01:32:41]} {[%emt 00:00:03]}
h6 {[%clk 01:32:41]} {[%emt 00:00:03]} 6. Bf4 {[%clk 01:33:04]} {[%emt
00:00:07]} e6 {[%clk 01:33:06]} {[%emt 00:00:05]} 7. Nxd4 {[%clk 01:33:30]}
{[%emt 00:00:04]} Be7 {[%clk 01:33:30]} {[%emt 00:00:07]} 8. c4 {[%clk
01:33:54]} {[%emt 00:00:06]} O-O {[%clk 01:33:10]} {[%emt 00:00:49]} 9. Nc3
{[%clk 01:33:20]} {[%emt 00:01:04]} Nc6 {[%clk 01:29:18]} {[%emt 00:04:22]} 10.
cxd5 {[%clk 01:30:45]} {[%emt 00:03:04]} exd5 {[%clk 01:29:10]} {[%emt
00:00:39]} 11. Rc1 {[%clk 01:29:42]} {[%emt 00:01:33]} Qb6 {[%clk 01:25:41]}
{[%emt 00:03:59]} 12. Ndb5 {[%clk 01:23:08]} {[%emt 00:07:04]} Be6 {[%clk
01:18:06]} {[%emt 00:08:05]} 13. Nc7 {[%clk 01:18:40]} {[%emt 00:04:58]} Rad8
{[%clk 01:08:56]} {[%emt 00:09:40]} 14. Na4 {[%clk 01:16:14]} {[%emt 00:02:57]}
Qa5 {[%clk 01:07:39]} {[%emt 00:01:47]} 15. a3 {[%clk 01:11:41]} {[%emt
00:10:33]} Bd6 {[%clk 01:03:48]} {[%emt 00:00:25]} 16. Nxe6 {[%clk 01:08:26]}
{[%emt 00:02:11]} fxe6 {[%clk 01:03:33]} {[%emt 00:00:45]} 17. Bxd6 {[%clk
01:08:37]} {[%emt 00:00:19]} Rxd6 {[%clk 01:03:48]} {[%emt 00:00:14]} 18. b4
{[%clk 01:07:26]} {[%emt 00:01:41]} Qd8 {[%clk 00:56:19]} {[%emt 00:07:59]} 19.
Nc5 {[%clk 01:01:56]} {[%emt 00:06:01]} Qe7 {[%clk 00:54:28]} {[%emt 00:02:21]}
20. e3 {[%clk 01:00:51]} {[%emt 00:01:35]} Ne5 {[%clk 00:51:04]} {[%emt
00:03:53]} 21. a4 {[%clk 00:47:39]} {[%emt 00:13:42]} Ne4 {[%clk 00:38:41]}
{[%emt 00:12:53]} 22. f4 {[%clk 00:41:45]} {[%emt 00:06:24]} Nc6 {[%clk
00:34:27]} {[%emt 00:04:44]} 23. Nxe4 {[%clk 00:39:09]} {[%emt 00:03:06]} dxe4
{[%clk 00:34:45]} {[%emt 00:00:12]} 24. Qe1 {[%clk 00:39:29]} {[%emt 00:00:10]}
e5 {[%clk 00:27:28]} {[%emt 00:07:47]} 25. b5 {[%clk 00:37:37]} {[%emt
00:02:22]} Nd8 {[%clk 00:26:45]} {[%emt 00:01:12]} 26. f5 {[%clk 00:36:31]}
{[%emt 00:01:36]} Rd3 {[%clk 00:25:58]} {[%emt 00:01:17]} 27. Bxe4 {[%clk
00:35:36]} {[%emt 00:01:26]} Ra3 {[%clk 00:26:27]} {[%emt 00:00:01]} 28. Ra1
{[%clk 00:34:15]} {[%emt 00:01:52]} Kh8 {[%clk 00:26:25]} {[%emt 00:00:31]} 29.
Qc1 {[%clk 00:31:58]} {[%emt 00:02:47]} Rxa1 {[%clk 00:26:16]} {[%emt
00:00:39]} 30. Qxa1 {[%clk 00:32:23]} {[%emt 00:00:06]} Qc5 {[%clk 00:26:23]}
{[%emt 00:00:23]} 31. Qc1 {[%clk 00:28:18]} {[%emt 00:04:34]} Qb4 {[%clk
00:26:52]} {[%emt 00:00:01]} 32. Qc2 {[%clk 00:28:40]} {[%emt 00:00:08]} Nf7
{[%clk 00:27:14]} {[%emt 00:00:08]} 33. f6 {[%clk 00:26:00]} {[%emt 00:03:10]}
g5 {[%clk 00:23:03]} {[%emt 00:04:42]} 34. Bd5 {[%clk 00:24:32]} {[%emt
00:01:58]} Qa3 {[%clk 00:20:58]} {[%emt 00:02:35]} 35. Qg6 {[%clk 00:24:41]}
{[%emt 00:00:20]} Qxe3+ {[%clk 00:21:08]} {[%emt 00:00:19]} 36. Kh1 {[%clk
00:25:05]} {[%emt 00:00:06]} 1-0